Institvtiones Theologiae Dogmaticae partis primae Tomvs primvs - secvndvs

Bibliographic Details
Main Author: Fejér, Georg (Author)
Format: Book
Language:English
PhysicalDescription:202, 386 s.
Published: Budae [s.n.] 1811

MARC

LEADER 00000nam a2200000 a 4500
001 vtls009407979
003 SK-MaSNL
005 20260301171039.0
008 240314 000 0 eng
040 |a SNK  |b slo  |c SNK  |e AACR2 
100 1 |a Fejér, Georg  |4 aut  |9 538146 
245 1 0 |a Institvtiones Theologiae Dogmaticae partis primae  |n Tomvs primvs - secvndvs  |c Georgii Fejér 
260 |a Budae  |b [s.n.]  |c 1811  |e Budae  |f Typis Regiae Universitatis Hungaricae 
300 |a 202, 386 s. 
999 |c 829566  |d 831496 
952 |a SNK  |b SNK  |y PREZ  |7 0  |p 17A0603691  |o snkID 77217/1-2  |i snkF 2707/82  |8 5  |3 rekatalogizácia  |0 0  |1 0  |4 0  |d 2008-11-19  |l 0  |r 2026-02-24 03:34:00  |w 2026-02-24